• 首页
  • 本馆介绍
  • 公告通知
  • 最新文献
  • 馆藏检索
  • 电子资源
  • 读者导购
  • 参考咨询
  • 我的图书馆
  • 登录
  • 详细信息显示
  • 放入我的书架
  • 预约/预借图书
  • 作者相关作品
  • 分类相关作品
  • 丛书相关作品
  • 出版社相关作品

书目信息

  • 表格格式
  • 工作单格式
  • 卡片格式
题名:
中国特色民族政策与民族发展问题探究
    
 
作者: 雷振扬 著
分册:  
出版信息: 北京   中国社会科学出版社  2016
页数: 502页
开本: 24cm
丛书名:
单 册:
中图分类: D633.1-53
科图分类:
主题词: 民族政策--min zu zheng ce--中国--文集 , 民族发展--min zu fa zhan--中国--文集
电子资源:
ISBN: 978-7-5161-9024-1
000 01320nam0 22002531 450
001 1761013354
005 20170619171951.0
010    @a978-7-5161-9024-1@dCNY118.00
100    @a20170427d2016 em y0chiy50 ea
101 0  @achi
102    @aCN@b110000
105    @ay z 000yy
106    @ar
200 1  @a中国特色民族政策与民族发展问题探究@9zhong guo te se min zu zheng ce yu min zu fa zhan wen ti tan jiu@f雷振扬著
210    @a北京@c中国社会科学出版社@d2016
215    @a502页@d24cm
314    @a雷振扬,男,湖北省天门市人,中南民族大学二级教授、博士生导师。出版专著、合著十余部,在《民族研究》、《政治学研究》等发表论文80余篇。享受国务院政府特殊津贴。兼任中国民族学学会副会长、中国民族法学研究会副会长等。
330    @a本书探讨了中国特色民族政策形成、发展的思想渊源与实践历程,总结了社会主义国家解决民族问题的经验与教训;阐述了新时期坚持与完善中国特色民族政策的重大意义与原则方法;重点研究了市场经济背景下,少数民族合法权益保障、帮助少数民族与民族地区加快经济社会发展、加强民族法治建设、以法治思维与方法反对民族歧视等问题,从不同角度初步回应了对民族理论与民族政策的质疑。
606 0  @a民族政策@9min zu zheng ce@y中国@j文集
606 0  @a民族发展@9min zu fa zhan@y中国@j文集
690    @aD633.1-53@v5
701  0 @a雷振扬@9lei zhen yang@4著
801  0 @aCN@b百万庄@c20170619
905    @b1013892-5@dD633.1-53@e293@f4
    
    中国特色民族政策与民族发展问题探究/雷振扬著.-北京:中国社会科学出版社,2016
    502页;24cm
    
    
    ISBN 978-7-5161-9024-1:CNY118.00
    本书探讨了中国特色民族政策形成、发展的思想渊源与实践历程,总结了社会主义国家解决民族问题的经验与教训;阐述了新时期坚持与完善中国特色民族政策的重大意义与原则方法;重点研究了市场经济背景下,少数民族合法权益保障、帮助少数民族与民族地区加快经济社会发展、加强民族法治建设、以法治思维与方法反对民族歧视等问题,从不同角度初步回应了对民族理论与民族政策的质疑。
●
相关链接 在E读中查询图书 在五车中查询图书 在当当中查询图书 在豆瓣中查询图书


正题名:中国特色民族政策与民族发展问题探究     索取号:D633.1-53/293         预约/预借

序号 登录号 条形码 馆藏地/架位号 状态 备注
1 1013892   210138929   第一样本阅览室/ [索取号:D633.1-53/293] 在馆    
2 1013893   210138938   第一借阅区/ [索取号:D633.1-53/293] 在馆    
3 1013894   210138947   教育系资料室/ [索取号:D633.1-53/293] 在馆    
4 1013895   210138956   教育系资料室/ [索取号:D633.1-53/293] 在馆    
唐山师范学院图书馆 欢迎您!
大连网信软件有限公司© 版权所有